[Event "DEN-ch+"]
[Site "Aalborg"]
[Date "2000.04.15"]
[Round "1"]
[White "Pedersen, Steffen"]
[Black "Larsen, Bent"]
[Result "1-0"]
[WhiteElo "2454"]
[BlackElo "2522"]
[Annotator "Ftacnik,L"]
[PlyCount "85"]
[EventDate "2000.04.15"]
[EventType "tourn"]
[EventRounds "1"]
[EventCountry "DEN"]
[SourceTitle "CBM 077"]
[Source "ChessBase"]
[SourceDate "2000.07.27"]
[SourceVersion "1"]
[SourceVersionDate "2000.07.27"]
[SourceQuality "1"]

1. d4 Nf6 2. c4 e6 3. Nf3 Bb4+ 4. Bd2 a5 5. Nc3 b6 6. Bg5 Bb7 7. e3 d6 8. Bd3 (
8. Nd2 e5 $13) 8... h6 (8... Nbd7 9. Qc2 Qe7 10. e4 c5 11. O-O cxd4 12. Nxd4
Rc8 13. Ndb5 $1 h6 14. Bf4 $1 e5 15. Bd2 Nc5 16. a3 Bxc3 17. Nxc3 O-O 18. f3 $1
Nh5 $6 19. Rf2 $1 $16 Nf4 20. Bf1 Nfe6 21. Be3 {1-0 Khalifman,A-Jussupow,A/Las
Palmas 1993/ (40)}) 9. Bh4 Bxc3+ 10. bxc3 Nbd7 11. O-O Qe7 12. Nd2 g5 (12... e5
13. Rb1 Bc6 14. Qc2 $14) 13. Bg3 h5 14. h4 (14. f3 h4 15. Bf2 Nh5 $13) 14... g4
$6 {This move closes the chances for a counterplay against white king.} (14...
Rg8 $5 15. Nf3 gxh4 16. Bxh4 e5 17. Bf5 $14) 15. Rb1 Bc6 16. Qc2 Kf8 (16... e5
17. e4 $14) 17. e4 Ne8 (17... e5 18. c5 $5 dxc5 (18... bxc5 19. d5 $16) 19. Nc4
exd4 20. Bxc7 $14) 18. f4 Ng7 (18... gxf3 $6 19. Rxf3 Kg7 20. Rbf1 Rf8 21. Bf4
$16) 19. Rfe1 Re8 20. e5 f5 (20... Kg8 21. Ne4 f5 22. exd6 cxd6 23. Ng5 $16)
21. exd6 (21. exf6 Qxf6 (21... Nxf6 22. d5 Bd7 23. dxe6 $18) 22. Ne4 Bxe4 23.
Bxe4 $14) 21... Qxd6 (21... cxd6 $2 22. d5 $16) 22. c5 $1 {[%mdl 32] Black
clearly lacks coordination to withstand the attack of well placed white pieces.
} Qd5 (22... bxc5 23. Nc4 Qe7 24. Nxa5 $16) 23. Nc4 bxc5 24. Ne3 Qd6 25. Nc4
Qd5 26. Nxa5 cxd4 (26... Ba8 27. Bc4 Qd6 28. Rbd1 $16) 27. Nxc6 Qxc6 28. Bb5 (
28. cxd4 Qd6 29. Qc4 $16) 28... Qd6 (28... Qd5 29. cxd4 $16) 29. Red1 (29. cxd4
Rd8 30. Kh2 $16) 29... c6 (29... c5 $6 30. cxd4 cxd4 31. Bf2 $18) 30. Rxd4 {
Black e6 pawn can hardly compensate for the mighty white passed pawn on the a
file.} Qc7 (30... Qc5 31. Kh2 cxb5 32. Rxd7 Re7 33. Rxe7 Kxe7 34. c4 $16) 31.
Ba4 (31. Rc4 Nb8 32. Ba4 Kg8 33. Rcb4 $16) 31... Nb6 32. Qb3 (32. Rdb4 Nxa4 33.
Qxa4 $18) 32... Nxa4 33. Rxa4 Kf7 34. Bf2 Rb8 35. Rb4 (35. Ra7 Qxa7 36. Bxa7
Rxb3 37. Rxb3 $16) 35... Rxb4 36. Qxb4 Rc8 37. a4 Ne8 (37... e5 38. fxe5 Qxe5
39. Bd4 Qc7 40. Qb7 $18) 38. a5 c5 39. Qb7 Nd6 (39... Kg8 40. a6 Qd8 41. a7 Ra8
42. Qb8 $18) 40. Qxc7+ Rxc7 41. a6 Ke7 (41... Ra7 42. Rb6 Nc8 43. Rb7+ $18) 42.
Ra1 Nc8 (42... g3 43. Be3 Nc4 44. a7 $18) 43. a7 $1 (43. a7 $1 Nxa7 44. Rxa7
Rxa7 45. Bxc5+ $18) 1-0

[Event "RUS-ch 56th"]
[Site "Krasnoyarsk"]
[Date "2003.09.09"]
[Round "6"]
[White "Lependin, Anatolij"]
[Black "Landa, Konstantin"]
[Result "0-1"]
[WhiteElo "2393"]
[BlackElo "2614"]
[Annotator "Ftacnik,L"]
[PlyCount "54"]
[EventDate "2003.09.03"]
[EventType "swiss"]
[EventRounds "9"]
[EventCountry "RUS"]
[SourceTitle "CBM 098"]
[Source "ChessBase"]
[SourceDate "2004.02.03"]
[SourceVersion "1"]
[SourceVersionDate "2004.02.03"]
[SourceQuality "1"]

1. d4 d5 2. Nf3 Nf6 3. c4 e6 4. g3 Bb4+ 5. Bd2 Be7 6. Bg2 O-O 7. O-O c6 8. Qb3
Nbd7 9. Bb4 Bxb4 10. Qxb4 a5 11. Qc3 b5 12. c5 b4 13. Qc2 Ba6 14. Re1 Ne4 15.
Ne5 $6 {This move must be dubious, since white begins operations before all
his pieces are out in playing area.} (15. Nbd2 Nxd2 (15... f5 $5 16. a3 e5 $13)
16. Qxd2 Qc7 17. a3 Bc4 18. Qc2 e5 19. b3 Ba6 20. e4 exd4 21. Nxd4 bxa3 22.
exd5 cxd5 23. Bxd5 Rac8 24. c6 {1-0 Romanishin,O-Landa,K/Kaskady 2002/ (30)})
15... Nexc5 $5 (15... Nxe5 16. dxe5 Qe7 17. Rc1 (17. Bxe4 dxe4 18. Qxe4 Qxc5
19. Nd2 Qd5 $15) 17... f5 $15) 16. Nxc6 Qf6 17. dxc5 (17. Nxa5 Qxd4 18. Nc6 Qc4
19. Qxc4 Bxc4 20. h3 (20. Nd2 Bxa2 21. Nxb4 Rfb8 $17) 20... Ra4 $15) 17... Rfc8
18. Nxa5 (18. Qa4 Nxc5 19. Qxa5 Rxc6 20. Qxb4 Nd7 (20... Rac8 21. Nc3 Bc4 $44)
21. Qd2 Rb8 22. Nc3 Ne5 $44) 18... Rxc5 19. Qa4 (19. Qd2 Rxa5 20. Qxb4 Rb5 21.
Qc3 Rxb2 $17) 19... Qxb2 $1 {Landa has tried to refute opponent's play with a
creative temporary piece sacrifice, now he is collecting his dues.} (19... Bc8
20. Qxb4 Raxa5 21. Nc3 $14) 20. Qxd7 (20. Nc6 Qxa1 21. Ne7+ Kh8 22. Qxd7 Rc2
23. Bf3 Qxa2 $17) (20. Nb3 Rb5 21. Na3 bxa3 22. Reb1 Qe5 $17) 20... Rxa5 21. e4
(21. Na3 Qxa3 22. e4 Bb5 23. Qd6 Bc4 $17) 21... Qxa1 22. exd5 Bc4 (22... e5 23.
d6 Rf8 24. Qf5 Qd4 $19) 23. d6 (23. dxe6 Bxe6 24. Qc7 Qxa2 25. Bxa8 Rxa8 $19)
23... Bd5 {The only chance for white would be to benefit from the potentially
dangerous d6 pawn.} 24. Rc1 (24. Qe7 Qf6 $19) 24... h6 25. Bf1 (25. Rc8+ Kh7
$19) 25... Qd4 26. Rc7 Rf8 27. Qe7 Raa8 (27... Rxa2 $4 28. Qxf8+ $1 Kh7 29.
Qxf7 $18) (27... Raa8 28. d7 Qe4 29. f3 Qe3+ $19) 0-1

[Event "Griesheim GM"]
[Site "Griesheim"]
[Date "2002.01.25"]
[Round "3"]
[White "Kempinski, Robert"]
[Black "Naiditsch, Arkadij"]
[Result "0-1"]
[WhiteElo "2576"]
[BlackElo "2532"]
[Annotator "Ftacnik,L"]
[PlyCount "62"]
[EventDate "2002.01.23"]
[EventType "tourn"]
[EventRounds "9"]
[EventCountry "GER"]
[EventCategory "12"]
[SourceTitle "CBM 088"]
[Source "ChessBase"]
[SourceDate "2002.03.21"]
[SourceVersion "1"]
[SourceVersionDate "2002.03.21"]
[SourceQuality "1"]

1. d4 Nf6 2. c4 e6 3. Nf3 Bb4+ 4. Nbd2 O-O 5. a3 Be7 6. e4 d5 7. e5 Nfd7 8. Bd3
c5 9. Qc2 h6 10. O-O Nc6 11. Re1 a5 12. cxd5 exd5 13. Qd1 $6 {White is eager
to switch position of the queen and the bishop, but the move is too slow for a
sharp opening fight.} (13. Nf1 cxd4 (13... Nxd4 14. Nxd4 cxd4 15. f4 Re8 16. f5
Bh4 17. g3 Nxe5 18. Rxe5 Rxe5 19. gxh4 Qxh4 20. Qf2 Qxf2+ 21. Kxf2 Bxf5 22. Bf4
Re4 23. Bxe4 dxe4 {0-1 Teofilovic,V-Kostanjsek,Z/Makarska Tucepi 1995/ (36)})
14. Ng3 Nc5 15. Bf5 a4 (15... Be6 16. Bxh6 gxh6 17. Qc1 Bxf5 18. Nxf5 Ne6 19.
Qxh6 Re8 20. Rad1 Bf8 21. Qh5 Bg7 22. Qg4 Kf8 {0-1 Suhl,D-Urday Caceres,H/
Berlin 1997/ (40)}) 16. Bf4 d3 17. Bxd3 Bg4 18. Rad1 Ne6 19. Qd2 Bxf3 20. gxf3
Ncd4 21. Qe3 g5 22. Bb1 gxf4 23. Qd3 Ng5 {0-1 Browne,W-Makarichev,S/Saint John
1988/ (35)}) (13. Bf5 cxd4 14. Nb3 Qb6 (14... a4 15. Nbxd4 Nc5 16. Be3 Nxd4 17.
Nxd4 Ne6 18. Bxe6 fxe6 19. Bxh6 Bg5 20. Bxg5 Qxg5 21. Re3 {1-0 Burmakin,
V-Mozaliov,S/St Petersburg 1996/ (35)}) 15. e6 Nc5 (15... Nf6 16. exf7+ Rxf7
17. Bg6 (17. Bxc8 Rxc8 18. Nbxd4 Bc5 19. Ne6 Ne4 20. Nxc5 Qxc5 21. Qxc5 {
1/2-1/2 Piket,J-Brenninkmeijer,J/Groningen 1988/ (21)}) 17... Rf8 18. Nbxd4 (
18. Qd3 a4 19. Nbxd4 Ng4 20. Be3 Nxe3 21. fxe3 Bg4 22. Nxc6 bxc6 23. Ne5 Rf4 {
0-1 Kubikova,H-Csoke,A/Budapest 1994/ (48)}) 18... Nxd4 19. Nxd4 Bc5 20. Nb3
Bd6 21. Be3 Qd8 22. h3 Bd7 23. Nd4 Rc8 24. Qd3 {1-0 Browne,W-Silman,J/San
Mateo 1989/ (33)}) 16. exf7+ Rxf7 17. Nbxd4 Nxd4 18. Nxd4 Qf6 19. Bh7+ Kh8 20.
Be3 Bd7 21. Rac1 Rc8 22. Qg6 Rff8 23. Nf3 Nb3 24. Rxc8 Rxc8 25. Qd3 {1-0 Piket,
J-Dimitrov,V/Adelaide 1988/ (62)}) (13. dxc5 Nxc5 14. Nb3 Qb6 (14... Nxd3 15.
Qxd3 a4 16. Nbd4 Nxd4 17. Nxd4 Bc5 18. Be3 Bxd4 19. Bxd4 Be6 20. Re3 Rc8 21.
Rf1 Qd7 22. Rg3 Rc4 23. Qe3 Kh7 24. f4 Qc8 25. f5 Bxf5 26. e6 {1-0 Malakhatko,
V-Mazurok,A/Kiev 2000/ (33)}) 15. Nxc5 Bxc5 16. h3 Re8 17. Bf4 Nd4 18. Nxd4
Bxd4 19. Re2 Bd7 20. Rd1 Rac8 21. Qd2 Ba4 22. Rde1 Bb3 23. Be3 Bxe3 24. Rxe3
Rc5 25. Bb1 Qb5 26. Rg3 {1-0 Ristic,N-Nikolic,B/Kladovo 1991/ (41)}) 13... Re8
14. Bb1 (14. e6 fxe6 15. Rxe6 (15. Bg6 Rf8 16. Rxe6 cxd4 $17) 15... cxd4 16.
Nb3 Nc5 17. Rg6 Kf7 $17) 14... Nf8 15. dxc5 (15. Qc2 cxd4 16. Qd3 Qb6 17. Nb3
Bg4 18. Nfxd4 Bh4 $1 $17) 15... Bxc5 16. Nb3 (16. Qc2 Qb6 17. Nb3 Bxf2+ 18.
Qxf2 Qxb3 $17) 16... Bb6 17. Bf4 (17. h3 d4 (17... a4 18. Nbd4 Nxd4 19. Nxd4
Bc5 20. Be3 Qb6 21. b4 axb3 22. Nxb3 $11) 18. Be4 Ne6 $15) 17... Bg4 {Black
enjoys excellent pieces and white e5 pawn might become weak.} 18. Bg3 (18. h3
Bxf3 19. Qxf3 a4 20. Nc1 Ne6 $17) 18... Bc7 19. h3 (19. Nc5 Nxe5 20. Bxe5 Rxe5
21. Rxe5 Bxe5 22. Nd3 Bc7 $17) 19... Bxf3 20. Qxf3 Bxe5 21. Bxe5 (21. Bd3 Bxb2
22. Rxe8 Qxe8 23. Ra2 Qe1+ 24. Kh2 Qc3 $19) 21... Nxe5 22. Qd1 Qg5 23. Ba2 (23.
Qxd5 $2 Nf3+ $19) 23... Nfg6 24. Re3 (24. Qxd5 Nf4 25. h4 Qg4 26. Qe4 Re7 27.
Re3 Rd8 28. Rf1 a4 29. Nc1 Rd4 $1 $19) 24... Nf4 {[%mdl 128] White bsihop
sleaps on a2 and black starts a kingside attack, what a reversal of fortunes!}
25. Rg3 (25. Qf1 Nc4 26. Rxe8+ Rxe8 27. g3 Ne2+ 28. Kh2 Qe5 $19) 25... Qf6 26.
Kh1 h5 $1 27. Nd4 (27. Rb1 h4 28. Re3 Nc4 29. Rf3 Qg5 30. g4 Rad8 $19) 27... h4
(27... Nc4 28. Rb1 Re4 $17) 28. Re3 Ned3 $1 {Nice combination, that
effectively finishes off the resistance.} 29. Rxd3 (29. Rxe8+ Rxe8 30. Qa4 Re4
$19) 29... Qg6 30. Bxd5 (30. Qf3 Nxd3 31. Bxd5 Rad8) 30... Nxd3 31. Qf3 (31.
Kg1 Rad8 32. Qa4 Nf4 $19) 31... Rad8 (31... Rad8 32. Nb5 Rxd5 (32... Nxf2+ 33.
Qxf2 Rxd5 34. Nc7 Rf5 $19) 33. Qxd5 Nxf2+ 34. Kg1 Nxh3+ 35. Kh1 Nf2+ 36. Kg1
Ne4 $19) 0-1

[Event "EU-chT (Men) 15th"]
[Site "Gothenburg"]
[Date "2005.07.30"]
[Round "1.3"]
[White "Hansen, Lars Bo"]
[Black "Muir, Andrew Joseph"]
[Result "1-0"]
[WhiteElo "2567"]
[BlackElo "2322"]
[Annotator "Ftacnik,L"]
[PlyCount "71"]
[EventDate "2005.07.30"]
[EventType "team-swiss"]
[EventRounds "9"]
[EventCountry "SWE"]
[SourceTitle "CBM 109"]
[Source "ChessBase"]
[SourceDate "2005.11.14"]
[SourceVersion "1"]
[SourceVersionDate "2005.11.14"]
[SourceQuality "1"]
[WhiteTeam "Denmark"]
[BlackTeam "Scotland"]
[WhiteTeamCountry "DEN"]
[BlackTeamCountry "SCO"]

1. c4 e6 2. Nf3 d5 3. g3 Nf6 4. d4 Bb4+ 5. Bd2 Be7 6. Bg2 O-O 7. O-O c6 8. Qb3
b6 9. Nc3 Ba6 10. cxd5 cxd5 11. Rfc1 Nc6 12. Nxd5 Qxd5 13. Qxd5 Nxd5 14. Rxc6
Bxe2 15. Ne5 Bb5 {White has nice pieces, but with isolated d4 pawn his chances
for an advantage are meager.} (15... Rad8 16. Rc2 Bb5 17. a4 Be8 18. a5 Bb5 19.
axb6 axb6 20. Nc6 Bxc6 21. Rxc6 Bf6 22. Be3 h6 23. Ra7 b5 {1/2-1/2 Vanheste,J 
(2370)-Douven,R (2410)/Hilversum 1988/ (34)}) 16. Rc2 Ba4 $6 (16... Rac8 17.
Rac1 Rxc2 18. Rxc2 Rd8 19. b3 Kf8 $11) 17. b3 Bb5 18. a4 Ba6 19. b4 Rac8 (19...
Bxb4 $2 20. Bxd5 $18) 20. Nc6 Bf6 (20... Bd3 21. Bxd5 Bf6 22. Rc3 exd5 23. Nxa7
Rxc3 24. Bxc3 Ra8 25. Nc6 $16) 21. Rcc1 Rc7 (21... Bb7 22. Bxd5 exd5 23. Nxa7
Rxc1+ 24. Rxc1 Bxd4 25. Rc7 Rb8 26. b5 $16) 22. Bxd5 exd5 23. Bf4 Rcc8 (23...
Rd7 24. b5 Bb7 25. a5 Re8 26. Re1 $16) 24. b5 Bb7 25. Nxa7 Ra8 {[%mdl 4096]
Very unpleasant moment for the defender as all the lines are quite depressing
and the choice of the lesser evil very difficult.} (25... Rxc1+ 26. Rxc1 Ra8 $1
(26... Bxd4 27. Rc7 Ba8 28. Nc6 Bf6 29. Be3 Bxc6 30. Rxc6 d4 31. Bd2 Bd8 32.
Rd6 $16) 27. Nc6 Rxa4 28. Re1 g5 29. Be5 Kg7 $13) (25... Rc4 26. Nc6 Rc8 (26...
Bxc6 27. Rxc4 dxc4 28. bxc6 Rc8 29. c7 Bxd4 30. Rd1 Bf6 31. Be5 Be7 32. Rb1 Bc5
33. a5 c3 34. Bxc3 Rxc7 35. axb6 Rb7 36. Rb5 Bd6 37. Bd4 $18) 27. a5 Bxc6 28.
Rxc4 dxc4 29. bxc6 bxa5 (29... Rxc6 30. axb6 Rc8 31. b7 $18) 30. c7 Bxd4 31.
Rxa5 Kf8 32. Ra4 $16) 26. Nc6 Bxc6 (26... Rfe8 27. Be5 Bxe5 28. dxe5 $16) 27.
bxc6 Bxd4 28. Ra2 (28. a5 bxa5 (28... Bxa1 29. axb6 $18) 29. Ra4 Bb6 30. c7 $14
) 28... b5 29. Rd2 $6 {Larsen has probably overlooked black's great shot on
the move 31., otherwise he would surely have looked into the correct idea 29.
a5!} (29. a5 $1 Rfc8 30. Rd2 Bf6 31. Rxd5 Rxa5 32. c7 $16) 29... Rxa4 30. c7
Rc8 31. Rcd1 g5 $1 (31... Bb6 32. Rxd5 Raa8 33. Rc1 f6 (33... Ra7 34. Rd8+ Rxd8
35. c8=Q $18) 34. Rxb5 Ba7 35. Rcb1 $18) 32. Bxg5 Bb6 $2 {Muir is impatient in
the hope to get rid of the nasty c7 pawn. Unfortunatelly this tactical mistake
enables nice mating idea.} (32... Ba7 33. Bf4 d4 34. Rb2 b4 35. Rc1 Bb6 36. Rb3
Kf8 37. Kg2 Ke8 38. Rc4 $16) 33. Rxd5 Rxc7 34. Rd8+ Kg7 35. R8d6 Bc5 (35...
Bxf2+ 36. Kxf2 f5 37. Rb6 $18) 36. Bh6+ (36. Bh6+ Kg8 37. Rd8+ $18) 1-0

[Event "Alushta Autumn 1st"]
[Site "Alushta"]
[Date "2002.09.25"]
[Round "15"]
[White "Yevseev, Denis"]
[Black "Smirnov, Igor"]
[Result "1-0"]
[WhiteElo "2546"]
[BlackElo "2364"]
[Annotator "Ftacnik,L"]
[PlyCount "59"]
[EventDate "2002.09.15"]
[EventType "tourn"]
[EventRounds "15"]
[EventCountry "UKR"]
[EventCategory "9"]
[SourceTitle "CBM 092"]
[Source "ChessBase"]
[SourceDate "2003.02.06"]
[SourceVersion "1"]
[SourceVersionDate "2003.02.06"]
[SourceQuality "1"]

{[%mdl 2]} 1. d4 Nf6 2. c4 e6 3. g3 Bb4+ 4. Bd2 Qe7 5. Nf3 Nc6 6. Nc3 Bxc3 7.
Bxc3 Ne4 8. Rc1 d6 9. d5 Nxc3 10. Rxc3 Nd8 11. Bg2 e5 12. c5 O-O 13. cxd6 cxd6
14. Qc1 {The queen eyes the square e3 from which it can hope to operate on
both flanks.} Bd7 15. O-O f5 16. Rc7 Qe8 (16... Rf7 17. Ng5 Rf8 18. f4 $14) 17.
Qe3 Bb5 (17... f4 18. Qa3 Rf6 19. Nd2 Bf5 20. Nc4 $16) 18. Rfc1 Ba6 19. Nh4 $1
h6 (19... f4 20. gxf4 Rxf4 21. Qg3 Qf8 22. e4 Rf7 23. Nf5 Kh8 24. Qg5 $16) (
19... Qb5 20. Rxg7+ Kxg7 21. Rc7+ Rf7 22. Nxf5+ Kh8 (22... Kf8 23. Qh6+ Kg8 24.
Rxf7 Kxf7 25. Qg7+ Ke8 26. Nxd6#) 23. Nxd6 Rxc7 24. Nxb5 Bxb5 25. Qxe5+ Rg7 26.
d6 $18) 20. Bh3 Qh5 (20... f4 21. Qf3 Rf7 22. Nf5 $16) 21. Qf3 $1 {[%mdl 32]
The real target is the f5 pawn. After it's elimination white pieces will be
excellently coordinated.} Bxe2 (21... Qxf3 22. exf3 Bd3 23. Rd1 g5 24. Rxd3
gxh4 25. f4 $16) 22. Qxh5 Bxh5 23. Bxf5 g5 $2 (23... Rf7 24. Ng6 Bxg6 25. Bxg6
Rf6 26. Bd3 $16) 24. Bh7+ Kh8 25. Ng6+ Bxg6 26. Bxg6 Rf6 (26... Kg8 27. Re7 $16
) 27. Bh5 Kg8 28. Re7 Rb8 29. Rcc7 a5 30. Bg6 $1 {Yevseev has decided to
finish the game with mating attack.} (30. Bg6 $1 a4 31. Re8+ Rf8 32. Bh7+ Kh8
33. Rxf8#) 1-0

[Event "Interpolis-02"]
[Site "Tilburg"]
[Date "1978.09.06"]
[Round "5"]
[White "Sosonko, Gennadi"]
[Black "Browne, Walter Shawn"]
[Result "1-0"]
[WhiteElo "2575"]
[BlackElo "2550"]
[Annotator "Ftacnik,L"]
[PlyCount "112"]
[EventDate "1978.09.01"]
[EventType "tourn"]
[EventRounds "11"]
[EventCountry "NED"]
[EventCategory "14"]
[SourceTitle "MCL"]
[Source "ChessBase"]
[SourceDate "1999.07.01"]
[SourceVersion "1"]
[SourceVersionDate "1999.07.01"]
[SourceQuality "1"]

1. d4 Nf6 2. c4 e6 3. g3 Bb4+ 4. Bd2 (4. Nd2 $5) (4. Nc3 $5) 4... Be7 (4... Qe7
) (4... Bxd2+) 5. Bg2 d5 6. Nf3 O-O 7. O-O c6 8. Qb3 b6 9. Nc3 Nbd7 (9... Ba6
$5) 10. Rac1 Bb7 (10... Ba6 $5) (10... a6 $5 {/\ b5}) 11. Rfd1 Re8 (11... a6 $5
) (11... c5 12. cxd5 Nxd5 13. e4 $1 Nxc3 14. Bxc3 $16 {e.g.} Bxe4 15. dxc5) 12.
Bf4 Rc8 (12... Nh5 $5 {/\} 13. Bd2 Nhf6) 13. Ne5 Nxe5 14. Bxe5 Qd7 15. e4 $14
Red8 16. h3 (16. Qa4 b5 $1) 16... Ba6 $6 (16... h6 17. a4) 17. cxd5 cxd5 18.
exd5 exd5 (18... Bc4 19. dxe6 Bxe6 20. d5 Bxh3 21. d6 $18) 19. Bxf6 Bc4 $1 20.
Qc2 Bxf6 21. Qd2 {(/\ b3,Nd5)} b5 $1 (21... Qe6 22. b3 Ba6 23. Re1 Qf5 24. Nxd5
$1 (24. g4 $2 Bg5 $1) 24... Rxc1 25. Qxc1 $1 $18) (21... Qf5 22. b3 Ba6 23. g4
Qg5 (23... Qe6 24. Nxd5 Rxd5 25. Rxc8+ Bxc8 26. Re1 $18) 24. f4 Qh4 25. Nxd5
Rxc1 (25... Rxd5 $13) 26. Rxc1 (26. Nxf6+ $2 Qxf6 27. Rxc1 Rxd4 $1 $13 (27...
Qxd4+ $2 28. Qxd4 Rxd4 29. Bf1 $1 $18)) 26... Rxd5 $5 27. Bxd5 $13) 22. b3 b4
23. Na4 Qb5 $1 (23... Bb5 24. Nc5) 24. Rc2 {/\ Nb2/Nc5} (24. bxc4 $5 Qxa4 25.
Bxd5) (24. Nc5 $1 Be2 25. Re1 Bh5 26. g4 Bg6 27. g5 $18) (24. Nb2 Be2 25. Re1
Bh5) 24... Qa5 25. Rdc1 (25. bxc4 $2 Qxa4 26. Bxd5 $4 (26. c5) 26... Rxd5)
25... Rb8 $1 (25... Ba6 $2 26. Rc5 $1) 26. Nc5 (26. bxc4 $5 Qxa4 27. Bxd5)
26... Bb5 27. a4 Be8 28. h4 $2 (28. Qd3 Qb6 29. Na6 {/\ Rc5}) 28... Qb6 $1 29.
Bh3 Qd6 30. Qd3 $16 g6 31. Qe3 Bg7 (31... Qb6 $5) 32. Nd3 {(/\ Rc7)} Bd7 (32...
Rb7 $5) 33. Bxd7 Rxd7 34. Rc6 Qf8 $1 (34... Qe7 $2 35. Rc8+ $18) 35. Nf4 Bh6 (
35... Re8 $8 36. Qf3 Bxd4 37. Nxd5 Red8 $14) 36. Qf3 Rbd8 37. R1c5 Bxf4 $2 (
37... Bg7 $8) 38. Qxf4 Qe7 39. h5 Qe1+ (39... gxh5 $5) 40. Kh2 $1 (40. Kg2 Qe4+
) 40... Qe2 (40... Qe4 41. h6 Qxf4 $5 (41... Qe7) 42. gxf4 {/\ Rb5+-}) 41. h6
Qe7 42. Rc7 {(/\ 43.Rxd7 Rxd7 44.Qe5)} Qf8 (42... f6 43. Rxd7 Rxd7 44. Rc8+ Rd8
(44... Kf7 45. Rh8) 45. Rc7 Rd7 46. Rxd7 Qxd7 47. Qxf6 $18) 43. Kg2 f6 $5 (
43... Rxc7 44. Rxc7 a5 45. Rc5 $18) 44. R5c6 Qe7 45. Rxd7 Rxd7 46. Rc8+ $18 Rd8
(46... Kf7 47. Rh8) 47. Rc7 Qe4+ 48. Qxe4 dxe4 49. Rg7+ Kf8 50. Rxh7 Kg8 51.
Rxa7 Rxd4 52. Rg7+ Kh8 53. Rxg6 Rd6 54. Rg4 Re6 55. f3 exf3+ (55... e3 56. Kf1)
56. Kxf3 Rb6 1-0

[Event "YUG-ch 57th"]
[Site "Banja Koviljaca"]
[Date "2002.03.24"]
[Round "8"]
[White "Blagojevic, Dragisa"]
[Black "Ilincic, Zlatko"]
[Result "1/2-1/2"]
[WhiteElo "2508"]
[BlackElo "2534"]
[Annotator "Ftacnik,L"]
[PlyCount "72"]
[EventDate "2002.03.16"]
[EventType "tourn"]
[EventRounds "13"]
[EventCountry "YUG"]
[EventCategory "10"]
[SourceTitle "CBM 089"]
[Source "ChessBase"]
[SourceDate "2002.08.12"]
[SourceVersion "1"]
[SourceVersionDate "2002.08.12"]
[SourceQuality "1"]

1. d4 Nf6 2. c4 e6 3. Nf3 Bb4+ 4. Bd2 c5 5. g3 O-O 6. Bg2 Bxd2+ 7. Qxd2 Ne4 8.
Qe3 (8. Qc2 Qa5+ 9. Nbd2 Nxd2 10. Qxd2 Qxd2+ 11. Kxd2 d6 12. Rhd1 Nc6 13. Kc3
Re8 14. Rd2 Rb8 15. dxc5 dxc5 16. Ng5 Na5 17. Rad1 h6 18. Ne4 b6 {1/2-1/2
Kachiani Gersinska,K-Milosevic,G/Germany 1994/ (68)}) 8... Qa5+ 9. Nbd2 d5 {
[%mdl 4] Black is coming with a whole new concept of occupying the center with
the pawns and pieces while opponent struggles to finish his development.} 10.
dxc5 Nc6 11. O-O (11. cxd5 exd5 12. Ng5 Nxg5 13. Qxg5 Nd4 $1 14. Rd1 Qxa2 $11)
11... Qxc5 12. Qxc5 (12. Nxe4 Qxe3 13. fxe3 dxe4 14. Nd4 f5 $11) 12... Nxc5 13.
cxd5 exd5 14. Rac1 Na4 (14... Ne6 15. Nb3 Rd8 16. Rfd1 d4 17. Rd2 $16) 15. b3
Nb6 16. Rfd1 (16. e3 Bg4 17. Rc5 Rfe8 $14) 16... Re8 17. Kf1 (17. e3 Bg4) 17...
a5 18. Nb1 a4 19. Nd4 (19. Nc3 axb3 20. axb3 Be6 $11) 19... axb3 20. axb3 Bg4 (
20... Nxd4 21. Rxd4 Ra1 22. Rb4 Ra6 23. Nc3 $14) 21. Nc3 Nb4 {The pressure
against the d4 was helping Ilincic to equalize the chances, the knight move is
a bit inferior.} (21... Ra3 $1 22. h3 Nxd4 23. Rxd4 Be6 $11) 22. Ke1 h6 (22...
Na2 23. Nxa2 Rxa2 24. Rd2 $16) 23. Rd2 Ra5 24. Ndb5 Bh5 25. Kd1 (25. Nd6 Re7
$13) 25... Na2 (25... Re5 $5 26. Nd6 Ra3 $11) 26. Nxa2 Rxb5 27. Rc3 d4 $6 {
Black is impatient to simplify, but white retains the edge.} (27... Re7 28. Nc1
Bg6 29. Rd4 $14) 28. Rcd3 Bg6 (28... Rf5 29. Ke1 Rfe5 30. Nc1 Rc5 31. Kd1 Rf5
32. f4 $16) 29. Rxd4 Rxb3 30. Nc1 (30. Bxb7 $5 Rb1+ (30... Nc4 31. Rxc4 Rxb7
32. Rb4 $16) 31. Nc1 Re5 32. e4 $16) 30... Rb1 31. Rd8 (31. Bxb7 $16) 31...
Rxd8 32. Rxd8+ Kh7 33. Rb8 (33. Bxb7 Na4 34. Bd5 Rb2 $14) 33... Nc4 34. Rxb7
Nb2+ 35. Kd2 Nc4+ 36. Kd1 Nb2+ 1/2-1/2